| 000 | 00722nam a2200205 a 4500 | ||
|---|---|---|---|
| 001 | 000020540 | ||
| 005 | 20240305140537.0 | ||
| 008 | 090916s1996 dr 000 0 spa d | ||
| 040 |
_aDO-SdBNP _bspa _cBNPHU |
||
| 082 |
_a465 _bG216e, 1996 |
||
| 100 | 1 |
_aGarcía, José Enrique, _d1948- _922487 |
|
| 245 | 1 | 0 |
_aEscribir : _bejercicios ortográficos y prácticas de redacción / _cJosé Enrique García. |
| 250 | _a5a ed. Ampliada | ||
| 260 |
_aSanto Domingo, : _bGente, _c1996. |
||
| 300 |
_a116 p. : ; _c27 cm. |
||
| 500 | _aIncluye datos biográficos en la contra cubierta | ||
| 590 | _aInventariado, 2019/ YL | ||
| 650 | 4 |
_aEspañol _xEjercicios de redacción _xEnseñanza _922488 |
|
| 650 | 4 |
_aEspañol _xOrtografía _91453 |
|
| 999 |
_c20044 _d20044 |
||